000 00404nam a22001457a 4500
008 230406b |||||||| |||| 00| 0 eng d
020 _a978-1-5011-6193-3
082 _a813.54
100 _aTaylor Jenkins Reid
245 _aThe seven husbands of Evelyn Hugo: a novel
260 _bWashington Square Press,
_c2018
300 _a389 p.
_c21 cm
942 _2ddc
999 _c9507
_d9508